000 00416nam a2200169Ia 4500
008 170705s9999 xx 000 0 und d
020 _a439429226
245 _aI'll always come back! /
245 _cSteve Metzger ; illustrated by Joy Allen.
260 _aNew York :
260 _bScholastic,
260 _c2002
300 _aunpaged :
300 _bcolor illustration ;
300 _c25cm.
500 _a360
999 _c337007
_d337007